[Event "Piacenza-ch"]
[Site "Piacenza"]
[Date "2025.03.25"]
[Round "4"]
[White "Adinolfi, Filippo"]
[Black "Moraschi, Pierangelo"]
[Result "0-1"]
[WhiteElo "1594"]
[BlackElo "1717"]
[PlyCount "90"]
[EventDate "2025.03.23"]
[EventType "swiss"]
[EventRounds "5"]
[EventCountry "ITA"]
[SourceTitle "CB15_2025"]
[SourceDate "2025.04.09"]
[SourceVersion "1"]
[SourceVersionDate "2025.04.09"]
[SourceQuality "1"]

1. c4 Nf6 2. Nc3 c5 3. g3 g6 4. Bg2 Bg7 5. Nf3 0-0 6. 0-0 d6 7. d4 Nc6 8. e3 a6 9. b3 Rb8 10. Bb2 b5 11. dxc5 dxc5 12. Nd5 bxc4 13. Nxf6+ exf6 14. Nd2 Na5 15. Qc2 Qd3 16. Be4 Qxc2 17. Bxc2 cxb3 18. axb3 Nc6 19. Be4 Nb4 20. Rfc1 Rd8 21. Nc4 f5 22. Bf3 Bxb2 23. Nxb2 Rd2 24. Nc4 Rd3 25. Rd1 Rxd1+ 26. Rxd1 Bb7 27. Bxb7 Rxb7 28. Rd8+ Kg7 29. Rc8 Nd3 30. Nd2 Rb5 31. Rc7 Ra5 32. Kf1 Ra2 33. Ke2 Nxf2 34. Kxf2 Rxd2+ 35. Kf3 Rxh2 36. Rxc5 Ra2 37. Rc7 Rb2 38. Rb7 a5 39. Ra7 Rxb3 40. Rxa5 Rb4 41. Ra6 Re4 42. Rb6 Re6 43. Rb4 Kf6 44. Rh4 h5 45. Rd4 g5 0-1

[Event "Emilia Romagna-ch"]
[Site "Piacenza"]
[Date "2024.05.12"]
[Round "5"]
[White "Adinolfi, Filippo"]
[Black "Niccoli, Paolo"]
[Result "0-1"]
[WhiteElo "1702"]
[BlackElo "1809"]
[PlyCount "78"]
[EventDate "2024.05.10"]
[EventType "swiss"]
[EventRounds "6"]
[EventCountry "ITA"]
[SourceTitle "CBM 220 Extra"]
[Source "ChessBase"]
[SourceDate "2024.07.31"]
[SourceVersion "1"]
[SourceVersionDate "2024.07.31"]
[SourceQuality "1"]

1. c4 c5 2. Nc3 g6 3. g3 Bg7 4. Bg2 Nc6 5. Nf3 e5 6. d3 Nge7 7. 0-0 0-0 8. Rb1 d6 9. a3 a5 10. Ne1 Be6 11. Nc2 d5 12. cxd5 Nxd5 13. Nxd5 Bxd5 14. Bxd5 Qxd5 15. b4 cxb4 16. axb4 a4 17. Ba3 b5 18. Qd2 Nd4 19. Rfc1 Nb3 20. Rxb3 axb3 21. Ne3 Qd4 22. Bb2 Ra2 23. Nd1 e4 24. Ra1 Rxb2 25. Nxb2 Qxb2 26. Qxb2 Bxb2 27. Rb1 Bg7 28. Rxb3 exd3 29. Rxd3 Rb8 30. Kg2 Bf8 31. Rb3 Rc8 32. Kf3 Rc4 33. Ke3 Rxb4 34. Rxb4 Bxb4 35. Kd4 Be1 36. f3 b4 37. Kc4 Kg7 38. e3 Kf6 39. e4 Ke5 0-1

[Event "Piacenza Ruscitti Memorial 2nd"]
[Site "Piacenza"]
[Date "2023.11.19"]
[Round "3"]
[White "Adinolfi, Filippo"]
[Black "Mantovani, Enrico"]
[Result "0-1"]
[WhiteElo "1271"]
[BlackElo "1692"]
[PlyCount "44"]
[EventDate "2023.11.18"]
[EventType "swiss"]
[EventRounds "5"]
[EventCountry "ITA"]
[SourceTitle "CBM 217 Extra"]
[Source "ChessBase"]
[SourceDate "2024.01.31"]
[SourceVersion "1"]
[SourceVersionDate "2024.01.31"]
[SourceQuality "1"]

1. c4 Nf6 2. Nc3 e5 3. g3 Nc6 4. Bg2 Bb4 5. e3 Bxc3 6. bxc3 0-0 7. d4 Re8 8. Ne2 d6 9. 0-0 Bd7 10. Ba3 Qc8 11. Rb1 Bh3 12. Qc2 Bxg2 13. Kxg2 b6 14. c5 Qa6 15. Bb4 bxc5 16. dxc5 d5 17. Rfd1 Red8 18. Rb3 Qa4 19. Rdb1 a5 20. Ba3 d4 21. Qd1 dxe3 22. Qc1 Qe4+ 0-1